Classement du Ballon d'or 1991 - Statistiques

Statistiques générales
  • Ce quiz a été pris 76 fois
  • Le résultat moyen est 7 sur 31
Statistiques - réponses
Classement Joueur Club du joueur Nationalité % Correct
1 Jean-Pierre Papin Olympique de Marseille France
100%
11 Michael Laudrup FC Barcelone Danemark
64%
20 Marco Van Basten AC Milan Pays-Bas
59%
4 Lothar Matthäus Inter Milan Allemagne
55%
25 Ruud Gullit AC Milan Pays-Bas
55%
26 Gheorghe Hagi Real Madrid Roumanie
52%
21 Laurent Blanc Montpellier HSC / SSC Napoli France
52%
10 Chris Waddle Olympique de Marseille Angleterre
48%
12 Rudi Völler AS Rome Allemagne
41%
6 Gary Lineker Tottenham Hotspur Angleterre
34%
2 Dejan Savicevic Etoile rouge de Belgrade Yougoslavie
32%
17 Hristo Stoitchkov FC Barcelone Bulgarie
30%
7 Gianluca Vialli UC Sampdoria Italie
23%
18 Stéphane Chapuisat Borussia Dortmund Suisse
23%
19 Roberto Mancini UC Sampdoria Italie
18%
5 Robert Prosinecki Etoile rouge de Belgrade Yougoslavie
16%
14 Bruno Martini AJ Auxerre France
11%
3 Darko Pancev Etoile rouge de Belgrade Yougoslavie
5%
29 Gianluca Pagliuca UC Sampdoria Italie
5%
9 Mark Hughes Manchester United Pays de Galles
5%
8 Miodrag Belodedici Etoile rouge de Belgrade Roumanie
2%
13 Aitor Begiristain FC Barcelone Espagne
0%
28 Alexei Mikhailitchenko UC Sampdoria / Rangers FC Union Soviétique
0%
16 Dean Saunders Derby County / Liverpool FC Pays de Galles
0%
31 Dimitris Saravakos Panathinaikos Grèce
0%
30 Gary Pallister Manchester United Angleterre
0%
22 Guido Buchwald VFB Stuttgart Allemagne
0%
27 Guy Hellers Standard de Liège Luxembourg
0%
15 Paul McGrath Aston Villa République d'Irlande
0%
24 Stefan Effenberg Bayern Munich Allemagne
0%
23 Thomas Doll Hambourg SV / Lazio Rome Allemagne
0%
Aucun quiz correspondant
Distribution des résultats
% des personnes avec chaque résultat
Percentile par nombre de réponses
Votre historique - résultats
Vous n’avez pas pris ce quiz